| 000 | 01243naa a22003497a 4500 | ||
|---|---|---|---|
| 001 | BR8700634 | ||
| 003 | BR-BrBNA | ||
| 005 | 20240918175754.0 | ||
| 007 | ta | ||
| 008 | 230509b bl.||||| |||| 00| 0 por d | ||
| 040 |
_aBR-BrBNA _bpor _cBiblioteca Nacional de Agricultura |
||
| 041 | _a(Pt) | ||
| 072 |
_aF04; F60 _b2120 _b3840 |
||
| 090 | _aF04 BR8700634 | ||
| 100 | 1 | _aGuimaraes, P.T.G. | |
| 100 | 1 | _aMelles, C. do C.A.A. | |
| 100 | 1 | _aFreire, F.M. | |
| 100 | 1 | _aPonte, A.M. da | |
| 111 | 1 |
_a10. Congresso Brasileiro de Pesquisas Cafeeiras _cPocos de Caldas, MG (Brazil) _d29 Aug 1983 |
|
| 245 | 1 | _aInfluencia do gesso e do calcario como corretivos e fornecedores de calcio e enxofre para o cafeeiro | |
| 260 | 3 |
_aRio de Janeiro, RJ (Brasil): _c1983. |
|
| 500 | _aAnais do 10. Congresso Brasileiro de Pesquisas Cafeeiras Rio de Janeiro, RJ (Brasil): 1983. p. 164 (BR8700634-AM)F04 | ||
| 650 | _aCAFE | ||
| 650 | _aNUTRICAO VEGETAL | ||
| 650 | _aCALCARIO | ||
| 650 | _aCORRETIVO | ||
| 650 | _aGESSO | ||
| 650 | _aENXOFRE | ||
| 773 | 0 |
_tAnais do 10. Congresso Brasileiro de Pesquisas Cafeeiras _wF04 BR8700634 _gRio de Janeiro, RJ (Brasil), 1983. p. 164 |
|
| 909 |
_a202404 _bLucia _c55 _dLucia Elande |
||
| 942 |
_cAM _2AGRIS |
||
| 999 |
_c318076 _d318076 |
||